000 00571nam a2200205Ia 4500
005 20250923145656.0
008 008 250917s9999 xx 000 0 eng d
037 _aTextual
040 _aDSWL
_beng
_cDSWL
041 _aeng
_2eng
084 _aX.4443, N79
_qDSWL
100 _aHaung, Y.
_9837828
245 0 _aNepal : Development performance and prospects
_c by Y. Haung
260 _aWashington
_bWorld Bank
_c1979
300 _avii,123 p.
365 _aUSD
_b5
925 _g5
942 _cTEXL
_hX.4443, N79
999 _c1454233
_d1454233